000 01127nam0a2200301 4500
001 RU\NLR\BIBL_A\016338538
005 20250625045526.0
035 _a(NLR Aleph) 016338538
090 _a13084036
_c13084036
100 _a20230410d1926 |||y0rusy50 ca
101 0 _ager
102 _aRU
105 _ay z 000zy
181 0 _ai
_baxxe
182 0 _an
200 1 _aFrankreichs wahres Gesicht
_edas Buch der blau-weiß-roten Schande
_aDie deutsche Gegenliste
_fvon Hans Weberstedt
203 _aТекст
_bвизуальный
_cнепосредственный
210 _aErfurt
_cBodung
_d1926
215 _aVIII, 216 c.
_d21
541 1 _aИстинные цвета Франции:
_eкнига сине-бело-красного позора; Немецкий встречный список
606 1 _aПервая мировая война
_yФранция
_z1914 - 1918
_9997582
_3RU\NLR\AUTH\6660021
686 3 _aЦ35(0)532.2(4Фр)
686 3 _aТ3(4Фр)523-68
700 1 _aWeberstedt
_bH.
_f1875-1938
_gHans
942 _cBOOK
980 _aNB